[Event "AUTO-INT-3910"]
[Site "http://www.queenalice.com/game.php?id=1850375"]
[Date "2025.1.15"]
[Round "1"]
[White "Piondanslevent"]
[Black "poeleabois"]
[Result "1-0"]
[WhiteElo "1496"]
[BlackElo "1554"]

1. d4 d5 2. b3 Nf6 3. Bb2 e6 4. Nf3 Nc6 5. a4 h6 6. e3 Be7 7. Bb5 Bd7 8. O-O O-O
9. c4 a6 10. Bxc6 Bxc6 11. c5 Ne4 12. Qe2 b5 13. cxb6 cxb6 14. Ne5 Qd6 15. Nd2
Nxd2 16. Qxd2 Qc7 17. Rfc1 Rfc8 18. Ba3 Bxa3 19. Rxa3 Qd6 20. Raa1 f6 21. Ng6
Kf7 22. Nh4 e5 23. b4 exd4 24. Qxd4 Bxa4 25. g3 Rxc1+ 26. Rxc1 Qe5 27. Qxb6 Qe6
28. Rc7+ Bd7 29. Qb7 Rd8 30. f3 Ke7 31. Ng6+ Ke8 32. Kf2 Bc8 33. Re7+ Qxe7 34.
Qxe7# 1-0

[Event "AUTO-INT-3910"]
[Site "http://www.queenalice.com/game.php?id=1850376"]
[Date "2025.1.15"]
[Round "1"]
[White "poeleabois"]
[Black "Piondanslevent"]
[Result "1/2-1/2"]
[WhiteElo "1551"]
[BlackElo "1537"]

1. e4 e5 2. Nf3 d6 3. d3 Nf6 4. h3 c5 5. Be2 b5 6. c4 bxc4 7. dxc4 a6 8. O-O Bb7
9. Nc3 Nxe4 10. Nd5 Nd7 11. Ng5 Nxg5 12. Bxg5 f6 13. Bh4 Be7 14. Bf3 Rb8 15. b3
O-O 16. Nxe7+ Qxe7 17. Bxb7 Rxb7 18. Qd5+ Qf7 19. Qxb7 Nb8 20. Qxf7+ Kxf7 21.
Rad1 Rd8 22. g4 Nc6 23. f4 Nd4 24. fxe5 dxe5 25. g5 Ne2+ 26. Kf2 Rxd1 27. Rxd1
Nf4 28. Rd7+ Kg6 29. Kg3 fxg5 30. Bxg5 Kxg5 31. Rxg7+ Kf5 32. Rxh7 Ke4 33. h4
Kd3 34. Rh5 Nxh5+ 35. Kg4 Nf4 36. Kf3 Kc3 37. Ke4 Nh5 38. Kxe5 Kb2 39. Kd5 Kxa2
40. Kxc5 Kxb3 41. Kb6 Kxc4 42. Kxa6 Kd4 43. Kb5 1/2-1/2

[Event "Let's Play 805"]
[Site "http://www.queenalice.com/game.php?id=1850989"]
[Date "2025.1.26"]
[Round "-"]
[White "digger"]
[Black "Piondanslevent"]
[Result "1-0"]
[WhiteElo "1547"]
[BlackElo "1523"]

1. e4 d6 2. d4 c6 3. h3 b5 4. c3 e6 5. c4 bxc4 6. Bxc4 a5 7. Qa4 Bd7 8. Qc2 d5
9. exd5 cxd5 10. Bd3 Nf6 11. Nf3 Bd6 12. O-O O-O 13. Ng5 e5 14. Bxh7+ Kh8 15.
Bd3 e4 16. Be2 Nc6 17. Be3 g6 18. g4 Bb8 19. Nc3 Qc7 20. f4 exf3 21. Rxf3 Qh2+
22. Kf1 Kg7 23. Bg1 Qh1 24. Rf2 Nxd4 25. Qd3 Nxe2 26. Qxe2 Qxh3+ 27. Nxh3 Re8
28. Qf3 Be5 29. Re1 Bxg4 30. Qd3 Rh8 31. Rxe5 Bxh3+ 32. Ke1 Ng4 33. Rf3 Nxe5 34.
Bd4 f6 35. Bxe5 fxe5 36. Rxh3 Rae8 37. Rxh8 Kxh8 38. Nxd5 1-0

[Event "Let's Play 806"]
[Site "http://www.queenalice.com/game.php?id=1850990"]
[Date "2025.1.26"]
[Round "-"]
[White "Piondanslevent"]
[Black "digger"]
[Result "0-1"]
[WhiteElo "1516"]
[BlackElo "1560"]

1. c4 e5 2. e4 Bc5 3. Nf3 d6 4. a3 Be6 5. d3 Nf6 6. b4 Bb6 7. a4 O-O 8. a5 Bd4
9. Nxd4 exd4 10. Be2 b6 11. Bf3 Nbd7 12. e5 dxe5 13. Bb2 bxa5 14. Bxa8 Qxa8 15.
O-O Rb8 16. b5 c6 17. bxc6 Rxb2 18. cxd7 Bxd7 19. Rxa5 Qb8 20. g3 h5 21. Ra1 g6
22. Qf3 Kg7 23. Qd1 Bg4 24. f3 Bh3 25. Rf2 Rxf2 26. Kxf2 g5 27. Qa4 Qb2+ 28. Ke1
Qc1+ 29. Ke2 Qe3+ 30. Kd1 Qxf3+ 31. Kc2 Bf5 32. Ra3 Qf2+ 33. Kb3 Bxd3 34. Kb4
Bxb1 35. Qxa7 Bc2 36. Ra2 Qd2+ 37. Kc5 Qf2 38. Kd6 Ne4+ 39. Kc6 d3 40. Qe7 Kg6
41. Ra8 Qf6+ 42. Qxf6+ Kxf6 43. c5 d2 0-1

[Event "AUTO-INT-3912"]
[Site "http://www.queenalice.com/game.php?id=1851105"]
[Date "2025.1.26"]
[Round "1"]
[White "Carlos19"]
[Black "Piondanslevent"]
[Result "0-1"]
[WhiteElo "1602"]
[BlackElo "1502"]

1. e4 e5 2. Nf3 d6 3. Bc4 c6 4. d3 b5 5. Bb3 a5 6. a4 b4 7. O-O Nf6 8. c3 Ba6 9.
Ng5 d5 10. exd5 cxd5 11. cxb4 axb4 12. d4 Bxf1 13. Kxf1 e4 14. Bf4 Bd6 15. Bxd6
Qxd6 16. g3 O-O 17. h4 h6 18. Nxe4 dxe4 19. d5 Na6 20. f4 Nc5 21. Bc4 Rfd8 22.
a5 Rd7 23. Nd2 Rda7 24. Nb3 Nxb3 25. Bxb3 Rxa5 26. Rxa5 Rxa5 27. Qc2 Nxd5 28.
Qc8+ Kh7 29. Qf5+ Qg6 30. Qxg6+ Kxg6 31. Bc4 Ra1+ 32. Ke2 Nf6 33. b3 Ng4 34. Bd5
f5 35. Bc6 Kf6 36. Bd5 g5 37. hxg5+ hxg5 38. fxg5+ Kxg5 39. Be6 f4 40. gxf4+
Kxf4 41. Bd5 Ne5 42. Bg8 Ng4 43. Bh7 Rc1 44. Kd2 Rc3 45. Bg8 e3+ 46. Ke2 Rc5 47.
Bc4 Ne5 48. Be6 Rc2+ 49. Kd1 e2+ 50. Kxc2 e1=Q 51. Bc4 Qc3+ 0-1

[Event "AUTO-INT-3912"]
[Site "http://www.queenalice.com/game.php?id=1851106"]
[Date "2025.1.26"]
[Round "1"]
[White "Piondanslevent"]
[Black "Carlos19"]
[Result "0-1"]
[WhiteElo "1514"]
[BlackElo "1614"]

1. d4 e6 2. e4 c5 3. dxc5 Bxc5 4. Nf3 Nf6 5. Bd3 Nc6 6. O-O Nd4 7. c3 Nxf3+ 8.
Qxf3 e5 9. b4 Be7 10. a4 h6 11. b5 b6 12. c4 O-O 13. Bb2 d6 14. Bc3 Bg4 15. Qg3
Qd7 16. Nd2 a6 17. h3 Bh5 18. Nf3 Bxf3 19. Qxf3 axb5 20. cxb5 Qc7 21. Rfc1 Qd7
22. Rc2 g5 23. g4 Rac8 24. Qe2 Rc5 25. Bb4 Rxc2 26. Bxc2 Bd8 27. Rd1 Ne8 28. Qd3
Be7 29. a5 bxa5 30. Bxa5 Nf6 31. b6 Ra8 32. Qc3 Rc8 33. Qb3 h5 34. gxh5 Nxh5 35.
Kg2 Nf4+ 36. Kh2 Qe6 37. Rg1 Rxc2 38. Qxe6 Nxe6 39. Kg3 Rb2 40. Kg4 Nc5 41. f3
f6 42. h4 Kf7 43. Rh1 Nb3 44. Bc3 Ra2 45. hxg5 fxg5 46. Rb1 Nc5 47. Bb4 Rg2+ 48.
Kf5 Bd8 49. Bxc5 dxc5 50. Kxe5 Rd2 51. Rb5 c4 52. b7 Bc7+ 53. Kf5 Rg2 54. e5 Re2
55. Kxg5 Rxe5+ 56. Rxe5 Bxe5 57. f4 Bb8 0-1

[Event "AUTO-INT-3912"]
[Site "http://www.queenalice.com/game.php?id=1851117"]
[Date "2025.1.26"]
[Round "1"]
[White "renet54"]
[Black "Piondanslevent"]
[Result "1/2-1/2"]
[WhiteElo "1502"]
[BlackElo "1508"]

1. e4 e5 2. Nf3 d6 3. Bc4 Bg4 4. O-O Nf6 5. d3 c6 6. Bg5 Be7 7. Nbd2 O-O 8. h3
Bh5 9. Qe2 b5 10. Bb3 a5 11. a3 d5 12. exd5 Nxd5 13. Bxd5 Bxg5 14. Ba2 Re8 15.
Ne4 Be7 16. Qe3 Na6 17. Nxe5 Qc7 18. Nxf7 Bxf7 19. Qf3 Bxa2 20. Rxa2 Bh4 21. Qg4
Qe7 22. Raa1 Bf6 23. Nxf6+ Qxf6 24. Rad1 g6 25. Qd7 Nc5 26. Qg4 h5 27. Qg3 a4
28. d4 Ne4 29. Qd3 Kg7 30. f3 Ng3 31. Rf2 Rad8 32. f4 h4 33. f5 gxf5 34. Rf3
Ne2+ 35. Kh2 Qd6+ 36. Kh1 f4 37. Rdf1 Ng3+ 38. Rxg3+ hxg3 39. Qf5 Qxd4 40. Qg5+
Kh8 41. Qh4+ Kg7 42. Qg4+ Kh8 43. Qh4+ Kg7 44. Qg4+ Kh7 45. Qh4+ Kg6 46. Qg4+
Kh7 47. Qh4+ Kg7 48. Qg5+ Kh7 49. Qh5+ Kg7 50. Qg5+ 1/2-1/2

[Event "AUTO-INT-3912"]
[Site "http://www.queenalice.com/game.php?id=1851118"]
[Date "2025.1.26"]
[Round "1"]
[White "Piondanslevent"]
[Black "renet54"]
[Result "1-0"]
[WhiteElo "1514"]
[BlackElo "1499"]

1. d4 d5 2. b3 Nf6 3. e3 e6 4. c4 Bb4+ 5. Bd2 Bxd2+ 6. Nxd2 O-O 7. Bd3 dxc4 8.
Bxc4 Nc6 9. Ngf3 Re8 10. O-O b6 11. a4 Bb7 12. Qc2 Nb4 13. Qb1 Bxf3 14. Nxf3 c5
15. Rd1 cxd4 16. Nxd4 a5 17. Nxe6 Qc8 18. Ng5 Qg4 19. Nxf7 h5 20. Ne5+ Kh8 21.
Ng6+ Kh7 22. Ne5+ g6 23. Nxg4 Nxg4 24. h4 Rf8 25. Rd7+ Kh6 26. Bf7 Rfc8 27.
Qxg6# 1-0

[Event "AUTO-INT-3912"]
[Site "http://www.queenalice.com/game.php?id=1851123"]
[Date "2025.1.26"]
[Round "1"]
[White "Givanildo"]
[Black "Piondanslevent"]
[Result "1-0"]
[WhiteElo "1740"]
[BlackElo "1502"]

1. d4 d5 2. Bf4 c6 3. e3 Nf6 4. h3 e6 5. Bd3 b5 6. Ne2 a5 7. O-O Bd6 8. c3 Bb7
9. Bxd6 Qxd6 10. Nf4 e5 11. dxe5 Qxe5 12. a4 Ba6 13. axb5 Bxb5 14. Bxb5 cxb5 15.
b3 Ne4 16. Nxd5 O-O 17. f4 Qe6 18. Nc7 Qc6 19. Nxa8 Na6 20. Rxa5 Rxa8 21. c4
bxc4 22. bxc4 Nec5 23. Nc3 Rb8 24. Nd5 Re8 25. f5 Re4 26. Qb1 Re8 27. f6 g6 28.
Ne7+ Rxe7 29. fxe7 Qe8 30. Qb6 Qxe7 31. Rxa6 Nxa6 32. Qxa6 Qxe3+ 33. Kh1 f5 34.
Qc8+ Kg7 35. Qd7+ Kh6 36. Qc8 Qe4 37. c5 Qe2 38. Rg1 Qe4 39. c6 f4 40. c7 f3 41.
Qf8+ Kh5 42. Qxf3+ 1-0

[Event "AUTO-INT-3912"]
[Site "http://www.queenalice.com/game.php?id=1851124"]
[Date "2025.1.26"]
[Round "1"]
[White "Piondanslevent"]
[Black "Givanildo"]
[Result "0-1"]
[WhiteElo "1522"]
[BlackElo "1708"]

1. e4 d5 2. e5 Bf5 3. d4 e6 4. Nf3 h6 5. Bd3 Bxd3 6. Qxd3 a6 7. O-O Nc6 8. a3 g5
9. c4 dxc4 10. Qxc4 Bg7 11. Rd1 Nxe5 12. Nxe5 Bxe5 13. Be3 Ne7 14. Nc3 b5 15.
Qd3 Bg7 16. Qe4 O-O 17. b4 Qd6 18. Rac1 Nd5 19. Rc2 Nxe3 20. fxe3 f5 21. Qd3 c6
22. e4 fxe4 23. Nxe4 Qd7 24. g3 Rad8 25. Nc5 Qf7 26. Nb3 e5 27. Nc5 Rxd4 28. Qe2
Rxd1+ 29. Qxd1 h5 30. Nxa6 e4 31. Rxc6 Bd4+ 32. Kh1 Ba7 33. Rc7 Qf2 34. Nc5 Bxc5
35. Rxc5 Qe3 36. Rxb5 Qf3+ 37. Kg1 Qxd1+ 38. Kg2 Qf1# 0-1

[Event "AUTO-INT-3913"]
[Site "http://www.queenalice.com/game.php?id=1851296"]
[Date "2025.1.31"]
[Round "1"]
[White "NickThorp"]
[Black "Piondanslevent"]
[Result "1/2-1/2"]
[WhiteElo "1551"]
[BlackElo "1500"]

1. e4 e5 2. Nf3 d6 3. Bb5+ Bd7 4. h3 Nc6 5. O-O Nf6 6. d3 a6 7. Ba4 b5 8. Bb3
Be7 9. Bg5 O-O 10. Nc3 b4 11. Nd5 h6 12. Bh4 a5 13. Nxe7+ Qxe7 14. a3 g5 15. Bg3
Na7 16. axb4 axb4 17. Qd2 c5 18. Ra6 Kg7 19. Rfa1 Bc6 20. Ba4 Bb7 21. Rb6 Nc6
22. b3 g4 23. hxg4 Nxg4 24. Bxc6 Rxa1+ 25. Ne1 Bxc6 26. Rxc6 f6 27. Kf1 Rh8 28.
f3 Qd7 29. Rb6 Qc7 30. Rxb4 cxb4 31. Ke2 Rha8 32. Qxb4 Rb8 33. Qd2 h5 34. fxg4
hxg4 35. b4 Ra2 36. Ke3 Qb6+ 37. Ke2 Qxb4 38. Qe3 Rh8 39. Qf2 Rh1 40. Qe3 Ra1
41. Qd2 Qb2 42. Bf2 Kg6 43. g3 Ra2 44. Ke3 Qd4+ 45. Ke2 Rh2 46. Kf1 Ra3 47. Kg1
Rxf2 48. Qxf2 Qa1 49. Kg2 Qc1 50. Qf5+ Kf7 51. Qf2 Qh6 52. c4 Qh3+ 53. Kg1 Ra8
54. Qh2 Qxh2+ 55. Kxh2 Ra1 56. Ng2 Kg6 57. Ne3 Ra3 58. Nxg4 Rxd3 59. Kh3 Kg5 60.
Nf2 Rc3 61. Kg2 Rxc4 62. Kh3 Rc2 63. Kg2 f5 64. exf5 Kxf5 65. Kf3 Rc3+ 66. Kg2
d5 67. Nd1 Rc2+ 68. Kh3 e4 69. Ne3+ Kg5 70. Nxd5 Rd2 71. Ne3 Rd3 72. Ng4 Rd1 73.
Nf2 Re1 74. Kg2 e3 75. Kf3 Kf5 76. Nd3 Rg1 77. Kxe3 Rxg3+ 78. Ke2 Ke4 79. Nf2+
Kf4 80. Nd3+ Ke4 1/2-1/2

[Event "AUTO-INT-3913"]
[Site "http://www.queenalice.com/game.php?id=1851297"]
[Date "2025.1.31"]
[Round "1"]
[White "Piondanslevent"]
[Black "NickThorp"]
[Result "0-1"]
[WhiteElo "1538"]
[BlackElo "1551"]

1. c4 e5 2. e4 Nc6 3. Nf3 Bc5 4. Be2 d6 5. a3 Bg4 6. O-O Nf6 7. Nc3 O-O 8. b4
Bd4 9. Bb2 Nxe4 10. Qc2 Nxc3 11. dxc3 Bxf3 12. Bxf3 Bb6 13. b5 Na5 14. Qe2 Qf6
15. Rad1 c6 16. Rd2 Nb3 17. Rd3 Nc5 18. Rd2 Nb3 19. Rdd1 Rad8 20. bxc6 bxc6 21.
Bxc6 Nc5 22. Bd5 a5 23. f3 Nd3+ 24. Kh1 Nxb2 25. g4 Nxd1 26. Qxd1 h6 27. Qb3 Bc5
28. Kg2 Rb8 29. Qa2 Qh4 30. a4 h5 31. h3 hxg4 32. fxg4 Kh7 33. Rxf7 Rxf7 34.
Bxf7 Rf8 35. Qc2+ Kh8 0-1

[Event "AUTO-INT-3913"]
[Site "http://www.queenalice.com/game.php?id=1851314"]
[Date "2025.1.31"]
[Round "1"]
[White "Piondanslevent"]
[Black "renet54"]
[Result "1/2-1/2"]
[WhiteElo "1513"]
[BlackElo "1528"]

1. d4 e6 2. e4 d6 3. b4 h6 4. Bb2 g6 5. a3 a6 6. Nf3 b6 7. Be2 Bg7 8. b5 a5 9.
a4 Ne7 10. c4 Bb7 11. Qd3 Nd7 12. O-O g5 13. Nbd2 Ng6 14. Rab1 Nf4 15. Qe3 Nf6
16. d5 e5 17. Nb3 Qd7 18. Bc1 Qg4 19. g3 Qh3 20. gxf4 gxf4 21. Qc3 Nxe4 22. Qc2
Rg8 23. Bxf4 Bf6+ 24. Bg3 Nxg3 25. fxg3 Ke7 26. Kf2 Rg4 27. Ke3 Bg5+ 28. Nxg5
Rxg5 29. Qh7 Qxh2 30. Qxf7+ Kd8 31. g4 Qg3+ 32. Kd2 e4 33. Nd4 e3+ 34. Kd3 Qe5
35. Rf6 Bxd5 36. Qxd5 Qxf6 37. Ne6+ Kd7 38. Nxg5 hxg5 39. Kxe3 Re8+ 40. Kd2 Qf2
41. Qc6+ Kc8 42. Re1 Qf4+ 43. Kd1 Qe5 44. Kd2 Qb2+ 45. Kd3 Qb3+ 46. Kd2 Re3 47.
Qd5 Qc3+ 48. Kd1 Qa1+ 49. Kd2 Qc3+ 50. Kd1 Qa1+ 51. Kd2 Qc3+ 1/2-1/2

[Event "AUTO-INT-3913"]
[Site "http://www.queenalice.com/game.php?id=1851315"]
[Date "2025.1.31"]
[Round "1"]
[White "renet54"]
[Black "Piondanslevent"]
[Result "0-1"]
[WhiteElo "1471"]
[BlackElo "1536"]

1. e4 c5 2. Nf3 d6 3. Bc4 a6 4. c3 b5 5. Bb3 Nf6 6. d3 e5 7. O-O Be7 8. Nbd2 Bb7
9. Re1 O-O 10. Nf1 a5 11. Ng5 Ba6 12. Bxf7+ Rxf7 13. Nxf7 Kxf7 14. Re3 Nc6 15.
Rf3 Kg8 16. Bg5 b4 17. c4 h6 18. Bxf6 Bxf6 19. Ng3 Nd4 20. Re3 Bg5 21. Qh5 Bxe3
22. fxe3 Qe7 23. Rf1 Ne6 24. Nf5 Qg5 25. Nxh6+ Qxh6 26. Qf7+ Kh8 27. Rf3 Ng5 28.
Qf5 Nxf3+ 29. Qxf3 Kh7 30. Qf5+ Kg8 0-1

[Event "AUTO-INT-3916"]
[Site "http://www.queenalice.com/game.php?id=1852024"]
[Date "2025.2.12"]
[Round "1"]
[White "Ruusgugg"]
[Black "Piondanslevent"]
[Result "1-0"]
[WhiteElo "1275"]
[BlackElo "1546"]

1. f4 g6 2. g4 d5 3. e3 Bg7 4. h4 c5 5. h5 e5 6. f5 e4 7. fxg6 fxg6 8. Bb5+ Bd7
9. a4 a6 10. Bxd7+ Nxd7 11. Ra3 Qb6 12. Rb3 Qc6 13. d3 b6 14. dxe4 dxe4 15. a5
bxa5 16. hxg6 Qxg6 17. Rb7 Qe6 18. Nc3 Rb8 19. Ra7 Ngf6 20. Rh4 O-O 21. g5 Ne8
22. Qe2 Rb6 23. Nxe4 Qd5 24. Nf3 Bxb2 25. Bd2 a4 26. Nc3 Qxf3 27. Qd3 Qg3+ 28.
Kd1 Qxh4 29. Qxd7 Qxg5 30. Qxh7# 1-0

[Event "AUTO-INT-3916"]
[Site "http://www.queenalice.com/game.php?id=1852025"]
[Date "2025.2.12"]
[Round "1"]
[White "Piondanslevent"]
[Black "Ruusgugg"]
[Result "0-1"]
[WhiteElo "1523"]
[BlackElo "1294"]

1. d4 f5 2. c4 d5 3. c5 Nf6 4. g3 b6 5. Bg2 bxc5 6. dxc5 Ba6 7. Nf3 e6 8. O-O
Bxc5 9. a3 Nc6 10. b4 Bd6 11. Bb2 Bc4 12. Nd4 Nxd4 13. Qxd4 Bxe2 14. Re1 e5 15.
Qd2 Bc4 16. f4 Ne4 17. Bxe4 fxe4 18. Bxe5 O-O 19. Nc3 Bxe5 20. fxe5 Qe7 21. b5
Rf5 22. Nxd5 Qc5+ 23. Ne3 Raf8 24. a4 Rf2 25. Qc3 R8f3 26. Qxc4+ Qxc4 27. Nxc4
Rc2 28. Ne3 Rd2 29. Ra3 h5 30. Rc3 Ra2 31. Rc4 Rf7 32. Nd5 Rd2 33. Nxc7 Rff2 34.
Rexe4 Rg2+ 35. Kf1 Rxh2 0-1

[Event "AUTO-INT-3921"]
[Site "http://www.queenalice.com/game.php?id=1853481"]
[Date "2025.3.7"]
[Round "1"]
[White "bdpq"]
[Black "Piondanslevent"]
[Result "1-0"]
[WhiteElo "1664"]
[BlackElo "1487"]

1. e4 e5 2. d4 exd4 3. Qxd4 Nc6 4. Qd1 d6 5. Nc3 Nf6 6. f3 Be7 7. Nd5 Nxd5 8.
exd5 Ne5 9. f4 Ng6 10. g3 O-O 11. Be3 c6 12. dxc6 bxc6 13. Bg2 d5 14. Qh5 Bb7
15. O-O-O c5 16. Nf3 d4 17. Bd2 Rb8 18. Ne5 Bxg2 19. Rhg1 Be4 20. Nxg6 Bxg6 21.
Qf3 Qb6 22. b3 f6 23. f5 Bf7 24. Rde1 Qb7 25. Qxb7 Rxb7 26. g4 Bd6 27. c3 Bxh2
28. Rh1 dxc3 29. Rxh2 cxd2+ 30. Kxd2 g6 31. Reh1 h5 32. fxg6 Rd7+ 33. Kc3 Bxg6
34. gxh5 Rd3+ 35. Kb2 Bh7 36. Re2 f5 37. Re7 Rf7 38. Re8+ Kg7 39. Rg1+ Kh6 40.
Ka3 f4 41. Re6+ Kxh5 42. Re2 f3 43. Rh2# 1-0

[Event "AUTO-INT-3921"]
[Site "http://www.queenalice.com/game.php?id=1853482"]
[Date "2025.3.7"]
[Round "1"]
[White "Piondanslevent"]
[Black "bdpq"]
[Result "1-0"]
[WhiteElo "1478"]
[BlackElo "1637"]

1. d4 d5 2. b3 e6 3. Nf3 Bd6 4. Bg5 Be7 5. Bf4 Nf6 6. e3 Nh5 7. Be5 f6 8. Bf4
Nxf4 9. exf4 Nc6 10. a4 Qd6 11. Qd2 O-O 12. Bb5 Bd7 13. c4 Bd8 14. c5 Qe7 15. b4
a6 16. Bd3 b6 17. O-O a5 18. cxb6 cxb6 19. b5 Nb4 20. Na3 Nxd3 21. Qxd3 Bc7 22.
Qe3 Rfc8 23. Rfc1 f5 24. Ng5 Bd6 25. Nc2 h6 26. Nh3 Rc4 27. g3 Bb4 28. Nxb4 Qxb4
29. Rxc4 Qb2 30. Ra3 Rc8 31. Rxc8+ Bxc8 32. Kg2 Qc2 33. Rc3 Qxa4 34. Rb3 Kf7 35.
Rc3 Bd7 36. Rc7 Qxb5 37. Qe5 a4 38. Qd6 Kg6 39. Qxd7 Qxd7 40. Rxd7 b5 41. f3 a3
42. Ra7 b4 43. Nf2 Kf6 44. Nd3 b3 45. Rxa3 b2 46. Nxb2 Kg6 47. h4 Kh5 48. Nd3
Kg6 49. Nc5 Kf6 50. Ra6 Kf7 51. Rxe6 g5 52. fxg5 hxg5 53. hxg5 Kg7 54. f4 Kf7
55. Rd6 Ke7 56. Rxd5 Ke8 57. Rxf5 Ke7 58. g4 Kd6 59. g6 Ke7 60. g7 1-0

[Event "AUTO-INT-3921"]
[Site "http://www.queenalice.com/game.php?id=1853498"]
[Date "2025.3.7"]
[Round "1"]
[White "Piondanslevent"]
[Black "poeleabois"]
[Result "0-1"]
[WhiteElo "1496"]
[BlackElo "1592"]

1. d4 d5 2. b3 Nf6 3. Bb2 Nc6 4. e3 e6 5. c4 Bb4+ 6. Nd2 Ne4 7. Nf3 dxc4 8. bxc4
O-O 9. Bd3 Nxd2 10. Nxd2 h6 11. O-O e5 12. d5 Ne7 13. a3 Bd6 14. e4 c6 15. Nf3
Ng6 16. a4 a6 17. Ba3 Nf4 18. c5 Bc7 19. d6 Ba5 20. Nxe5 Qg5 21. g3 Qxe5 22.
gxf4 Qxf4 23. Kg2 Qg5+ 24. Kf3 Bg4+ 0-1

[Event "AUTO-INT-3921"]
[Site "http://www.queenalice.com/game.php?id=1853507"]
[Date "2025.3.7"]
[Round "1"]
[White "ricardoguevara"]
[Black "Piondanslevent"]
[Result "1-0"]
[WhiteElo "1421"]
[BlackElo "1506"]

1. e4 c5 2. Nf3 d6 3. Bb5+ Bd7 4. Bxd7+ Nxd7 5. O-O e5 6. d3 Ngf6 7. Bg5 Be7 8.
Nc3 a6 9. Nd5 O-O 10. Bxf6 Nxf6 11. Nxf6+ Bxf6 12. c4 Qa5 13. Rb1 b5 14. cxb5
Qxb5 15. b3 Rad8 16. a4 Qa5 17. d4 cxd4 18. b4 Qc7 19. b5 axb5 20. Rxb5 Rb8 21.
Rxb8 Rxb8 22. Nd2 Rb4 23. g3 Qa5 24. f4 Rxa4 25. Nb3 Qb4 26. fxe5 Bxe5 27. Nd2
g6 28. h4 Bxg3 29. e5 dxe5 30. Ne4 Bxh4 31. Qg4 Be7 32. Qc8+ Kg7 33. Qc7 Ra3 34.
Qxe5+ Kf8 35. Qh8# 1-0

[Event "AUTO-INT-3921"]
[Site "http://www.queenalice.com/game.php?id=1853508"]
[Date "2025.3.7"]
[Round "1"]
[White "Piondanslevent"]
[Black "ricardoguevara"]
[Result "0-1"]
[WhiteElo "1527"]
[BlackElo "1400"]

1. b4 e5 2. a3 Nf6 3. Bb2 g6 4. Bxe5 Nc6 5. Bf4 Qe7 6. c3 Bg7 7. Bg5 O-O 8. d3
Qe5 9. Bh4 d5 10. d4 Qf4 11. Bg3 Qf5 12. Bxc7 Be6 13. Bd6 Rfd8 14. Bg3 b6 15. b5
Na5 16. Nf3 Nc4 17. Qb3 a5 18. e3 Ne4 19. Be2 Nxg3 20. fxg3 Nxe3 21. Nbd2 Nxg2+
22. Kf2 Ne3 23. h3 Bh6 24. Ke1 Nc2+ 25. Kf2 Bxd2 26. g4 Be3+ 27. Kg3 Qf4+ 28.
Kg2 Nxa1 29. Rxa1 h5 30. Rf1 hxg4 31. hxg4 Qxg4+ 32. Kh1 Qh5+ 33. Nh2 Qxe2 0-1

[Event "Challenge"]
[Site "http://www.queenalice.com/game.php?id=1854049"]
[Date "2025.3.16"]
[Round "-"]
[White "dejami"]
[Black "Piondanslevent"]
[Result "1-0"]
[WhiteElo "1679"]
[BlackElo "1484"]

1. e4 e5 2. Bc4 Nf6 3. Qf3 Be7 4. h3 O-O 5. c3 c6 6. g4 b5 7. Bb3 a5 8. g5 Ne8
9. h4 a4 10. Bc2 Bb7 11. Qf5 d6 12. d4 exd4 13. e5 c5 14. Qxh7# 1-0